La Biblia en su entorno
محفوظ في:
| المؤلفون الرئيسيون: | , , |
|---|---|
| التنسيق: | كتاب |
| اللغة: | الإسبانية |
| منشور في: |
Pamplona
Verbo Divino
2013
|
| الطبعة: | 1a. ed |
| سلاسل: | Introducción al Estudio de la Biblia, 1
|
| الموضوعات: | |
| الوسوم: |
إضافة وسم
لا توجد وسوم, كن أول من يضع وسما على هذه التسجيلة!
|
MARC
| LEADER | 00000cam a2200000 a 4500 | ||
|---|---|---|---|
| 001 | UCC8814 | ||
| 003 | CL-VaPUC | ||
| 005 | 20241210164130.0 | ||
| 008 | 190814e20130000sp |||||||||||||||||spa|d | ||
| 999 | |c 375064 |d 375062 | ||
| 020 | |a 9788499456287 | ||
| 040 | |c Pontificia Universidad Católica de Valparaíso | ||
| 082 | 0 | 4 | |a 220 |b CAR |2 21 |
| 100 | 0 | |a Carbajosa Pérez, Ignacio |e author |9 603533 | |
| 245 | 1 | 3 | |a La Biblia en su entorno |
| 250 | |a 1a. ed | ||
| 260 | |a Pamplona |b Verbo Divino |c 2013 | ||
| 300 | |a 652 p | ||
| 490 | 0 | |a Introducción al Estudio de la Biblia, 1 | |
| 583 | |a last modification |c 20190814 14:59:00 |k Rodrigo Vera | ||
| 650 | 0 | |a Biblia |9 894714 |x Antiguo testamento |x Nuevo testamento | |
| 650 | 0 | |a Geografía bíblica |9 313694 |z Israel | |
| 650 | 0 | |a Arqueología bíblica |9 317810 |z Israel | |
| 700 | |a González Echegaray, Joaquín |e author |9 603534 | ||
| 700 | 0 | |a Varo, Francisco |e author |9 603535 | |
| 942 | |c BK |2 ddc | ||
| 945 | |d 20190814 14:59:00 |a dcastane | ||
| 952 | |0 0 |1 0 |2 ddc |3 erb |4 0 |6 220_000000000000000_CAR_2013 |7 0 |8 A |9 493951 |a BIBTEO |b BIBTEO |d 2019-08-13 |e 8 |g 24500.00 |i 5559480 |o 220 CAR 2013 |p 5559480 |r 2025-01-17 |v 24500.00 |w 2019-11-24 |y BK |z Catalogado en:20190814 |k ICR | ||